Countries with the Most Tsunamis - Statistics

General Stats
  • This quiz has been taken 147 times
  • The average score is 7 of 10
Answer Stats
# of Tsunamis Country % Correct
357 Japan
100%
264 United States
94%
249 Indonesia
92%
92 Philippines
79%
96 Russia
74%
166 Chile
72%
80 New Zealand
61%
76 Papua New Guinea
56%
155 Italy
31%
170 Greece
27%
No matching quizzes found
Score Distribution
Percent of People with Each Score
Percentile by Number Answered
Your Score History
You have not taken this quiz